000 00434nam a22001697a 4500
005 20251108164736.0
008 250721s1996 xx 000 0 ara d
082 1 4 _a808.3/محم
100 1 _aنجم، محمد يوسف
245 1 0 _aفن القصة /
264 1 _aعمان :
_bدار الشروق،
_c1996.
300 _a157ص
650 1 7 _aالقصص
650 1 7 _aكتابة القصة
942 _2ddc
_cBK
999 _c13221
_d13221